000
00285nam a2200121Ia 4500
008
190216s9999||||xx |||||||||||||| ||und||
100
_a
M T Vasudevan Nair
245
0
_a
M T Yude Thiranjedutha Kathakal
260
_b
Current Books
300
_a
702
650
_a
Kathakal
942
_c
BK
999
_c
27576
_d
27576